000 00537nam a2200205Ia 4500
003 OSt
005 20250714083318.0
008 210310s9999 xx 000 0 und d
020 _a#N/A
040 _c.
100 _aCardenas Borrero Tiberio, Perez Colmenares Ramiro, Morales restrepo Didier
_919486
245 0 _aCódigo de procedimiento administrativo contencioso administrativo
260 _c2015
300 _b#N/A
440 _a#N/A
_919487
500 _a#N/A
505 _a#N/A
650 _a#N/A
_919488
942 _2ddc
_cBK
999 _c9209
_d9209